Formwork for concrete : commentary. (supplement to AS 3610-1995).

Saved in:
Bibliographic Details
Corporate Author: Standards Association of Australia. Committee BD/43, Formwork
Format: Book
Language:English
Published: Homebush, N.S.W. : The Association, 1996.
Edition:2nd ed.
Series:Australian standard ; AS 3610 Supp 2-1996
Subjects:
LEADER 01429cam a2200373 a 4500
001 c000406068
003 CARM
005 20200813163401.0
008 200813s1996 xnaa 000 0 eng d
019 1 |a 13291074  |5 LACONCORD2021 
020 |a 0733708161 
035 |a (OCoLC)38815768  |5 LACONCORD2021 
040 |a WCMC  |b eng  |c WCMC 
042 |a anuc 
043 |a u-at--- 
082 0 4 |a 624.1834  |2 21 
110 2 |a Standards Association of Australia.  |b Committee BD/43, Formwork. 
245 1 0 |a Formwork for concrete :  |b commentary.  |p (supplement to AS 3610-1995). 
246 3 |i At head of title:  |a AS 3610 Supplement 2-1996 
250 |a 2nd ed. 
260 |a Homebush, N.S.W. :  |b The Association,  |c 1996. 
300 |a 100. p. :  |b ill. ;  |c 30 cm. 
490 1 |a Australian standard ;  |v AS 3610 Supp 2-1996 
500 |a AS 3610 Supplement 1-1996 
500 |a (Supplement to AS 3610-1995)--Title page. 
500 |a Originated as AS 3610 Supplement 2 - 1990. 
650 0 |a Concrete construction  |x Formwork  |x Standards  |z Australia. 
650 0 |a Concrete  |x Standards  |z Australia. 
740 0 2 |a AS 3610.2-1996 
740 0 2 |a Australian standard 3610.2-1996 
852 8 |b CARM  |i F11048  |p 0658720  |f BK 
830 0 |a Australian standard ;  |v AS 3610 Supp 2-1996 
999 f f |i 52591a71-b817-5c07-b2a8-311665bf171a  |s 4b92db21-f39a-5779-957b-e426218fbbd7 
952 f f |p Can circulate  |a CAVAL  |b CAVAL  |c CAVAL  |d CARM 1 Store  |e F11048  |h Other scheme  |i book  |m 0658720